Normal view
MARC view
- Abdul Salam Hj. Mohd. Zain
Entry Personal Name
001 - CONTROL NUMBER
- control field: 2356
003 - CONTROL NUMBER IDENTIFIER
- control field: OSt
005 - DATE AND TIME OF LATEST TRANSACTION
- control field: 20170508144451.0
008 - FIXED-LENGTH DATA ELEMENTS
- fixed length control field: 170508|| aca||aabn | a|a d
040 ## - CATALOGING SOURCE
- Original cataloging agency: OSt
- Transcribing agency: OSt
100 ## - HEADING--PERSONAL NAME
- Personal name: Abdul Salam Hj. Mohd. Zain
670 ## - SOURCE DATA FOUND
- Source citation: Work cat.: (OSt)0: Abdul Salam Hj. Mohd. Zain, Ingin tahu? Solat /, 1999

PORTAL AKMAL
E-MEL JKDM
AKMAL2U
G-BAM
u-PUSTAKA